ნორმალური ფორმატი
MARC ფორმატი
ჩანაწერი Personal Name
ჩანაწერთა რაოდენობა, რომელიც გამოყენებულია: 2
001 - CONTROL NUMBER
- control field: 10467
003 - CONTROL NUMBER IDENTIFIER
- control field: GE_BSU
005 - DATE AND TIME OF LATEST TRANSACTION
- control field: 20210316123102.0
008 - FIXED-LENGTH DATA ELEMENTS
- fixed length control field: 210316|| aca||aabn | a|a d
040 ## - CATALOGING SOURCE
- Original cataloging agency: GE_BSU
- Transcribing agency: GE_BSU
100 ## - HEADING--PERSONAL NAME
- Personal name: მახარაძე, ნ.
670 ## - SOURCE DATA FOUND
- Source citation: Work cat.: (GE_BSU)51656: მახარაძე, ნ., ინოვაციური პოლიტიკის ძირითადი ასპექტები სამამულო წარმოებაში /
